| 000 | 00756nam a22001933a 4500 | ||
|---|---|---|---|
| 005 | 20240919064742.0 | ||
| 008 | 011016s1996 fr r 000 0 eng d | ||
| 035 | _aUPN01000114193 | ||
| 049 | _aUNE | ||
| 050 | 4 |
_aLC192 _bH2.4 |
|
| 100 | 1 |
_aHallak, Jacques, _d1937- _928384 |
|
| 245 | 1 | 0 |
_aEducational challenges of the 21st century : _bthe vision of quality / _cJacques Hallak. |
| 260 |
_aParis : _bUNESCO, International Institute for Educational Planning, _c1996 |
||
| 300 | _av, 13 p. | ||
| 440 | 0 |
_aIIEP contributions ; _v23 |
|
| 500 | _a"This document was presented at the Vth SEAMEO-INNOTECH International Conference, which was held from 5 to 7 december 1995, Manila, Philippines" | ||
| 650 | 4 |
_aEducación _xAspectos sociales _95311 |
|
| 905 | _aLibro | ||
| 999 |
_c88101 _d88101 |
||